A systems Approach to Small Group Interaction (Record no. 4614)

MARC details
005 - DATE AND TIME OF LATEST TRANSACTION
control field 20250623083002.0
020 ## - INTERNATIONAL STANDARD BOOK NUMBER
International Standard Book Number 0-07-286247-5
082 ## - DEWEY DECIMAL CLASSIFICATION NUMBER
Classification number 658.403 TUB
100 ## - MAIN ENTRY--PERSONAL NAME
Author name TUBBS, T . S
245 ## - TITLE STATEMENT
Title A systems Approach to Small Group Interaction
250 ## - EDITION STATEMENT
Edition statement 8th Ed.
260 ## - PUBLICATION, DISTRIBUTION, ETC.
Place of publication, distribution, etc. New York
Name of publisher, distributor, etc. McGraw-Hill Irwin
Date of publication, distribution, etc. 2004.
300 ## - PHYSICAL DESCRIPTION
Extent xviii,437p.:ill .; figures, tables
Other physical details Index, Glossary, References
Dimensions 22cm
942 ## - ADDED ENTRY ELEMENTS (KOHA)
Source of classification or shelving scheme Dewey Decimal Classification
Koha item type Books
Holdings
Date last seen Total checkouts Full call number Barcode Cost, replacement price Price effective from Koha item type Lost status Source of classification or shelving scheme Damaged status Not for loan Withdrawn status Home library Current library Shelving location Date acquired Source of acquisition Cost, normal purchase price
06/23/2025   658.403 TUB MZA0001965 111000.00 06/23/2025 Books   Dewey Decimal Classification       CBE Mwanza CBE Mwanza General Collection 03/05/2019 Library Budget 37000.00
06/23/2025   658.403 TUB MZA0001966 111000.00 06/23/2025 Books   Dewey Decimal Classification       CBE Mwanza CBE Mwanza General Collection 03/05/2019 Library Budget 37000.00
06/23/2025   658.403 TUB MZA0001967 111000.00 06/23/2025 Books   Dewey Decimal Classification       CBE Mwanza CBE Mwanza General Collection 03/05/2019 Library Budget 37000.00
06/23/2025   658.403 TUB MZA0001968 111000.00 06/23/2025 Books   Dewey Decimal Classification       CBE Mwanza CBE Mwanza General Collection 03/05/2019 Library Budget 37000.00
06/23/2025   658.403 TUB MZA0001969 111000.00 06/23/2025 Books   Dewey Decimal Classification       CBE Mwanza CBE Mwanza General Collection 03/05/2019 Library Budget 37000.00
06/23/2025   658.403 TUB MZA0001970 111000.00 06/23/2025 Books   Dewey Decimal Classification       CBE Mwanza CBE Mwanza General Collection 03/05/2019 Library Budget 37000.00
06/23/2025   658.403 TUB MZA0001971 111000.00 06/23/2025 Books   Dewey Decimal Classification       CBE Mwanza CBE Mwanza General Collection 03/05/2019 Library Budget 37000.00
06/23/2025   658.403 TUB MZA0001972 111000.00 06/23/2025 Books   Dewey Decimal Classification       CBE Mwanza CBE Mwanza General Collection 03/05/2019 Library Budget 37000.00